01415nam a2200397 i 450000100060000000300090000600500170001500800390003201500160007102000150008704000280010204100080013004600090013808000100014708000120015724501480016925000150031726000510033230000850038338000160046838800140048438800140049850400240051265000230053665500300055965800340058970000320062370000390065571000420069485600980073694200120083499900170084695200560086395200490091995200490096838766KOSZ 00520220720094549.0000103s2000 pl a f f |001 0 pol aPB 2000/516 a8320812283 aWA NcWA NdKOSZ 005/HR0 apol k2000 a339.5 a(075.8)00aHandel zagraniczny :borganizacja i technika : praca zbiorowa /cpod red. naukową Jana Rymarczyka ; aut. rozdz. Franciszek Adamczuk [et al.]. aWyd. 2 zm. aWarszawa :bPolskie Wydaw. Ekonomiczne,c2000. a309, [3] s. :bil. ;c24 cm +eWykaz wybranych dokumentów handlowych : [20] k. aKsiążki a1901-2000 a1989-2000 aBibliogr. - Indeks. 4aHandel zagraniczny 4aPodręczniki akademickie aGospodarka, ekonomia, finanse1 aAdamczuk, FranciszekeAutor1 aRymarczyk, Jand(1944- )eRedakcja2 aPolskie Wydawnictwo Ekonomiczne4pbl. uhttp://koha.tu.koszalin.pl/cgi-bin/koha/opac-detail.pl?biblionumber=38766yKatalog online BPK 2UKDcKS c38766d38766 00103Aneks4170aBPKbBPKcwo57004p01539158yKS 00104070aBPKbBPKcwo57005p01539141yKS 00104070aBPKbBPKcwo73182p09090057yKS